00223nam a2200085Ia 4500008004100000041000800041100001700049245003600066260003500102241105s9999 xx 000 0 und d aeng aMisal Tirtha aSlum Rehabilitation Maharashtra bFinal Year B. Arch, BNCAc2014